| 000 | 02655cam a22004574a 4500 | ||
|---|---|---|---|
| 001 | 12303696 | ||
| 003 | BJBSDDR | ||
| 005 | 20260423122026.0 | ||
| 007 | ta | ||
| 008 | 010208s2001 nyua b 001 0 eng | ||
| 010 | _a 2001019246 | ||
| 020 | _a0878301356 | ||
| 020 |
_a0878301364 _qpbk. |
||
| 020 | _a9780878301355 | ||
| 020 |
_a9780878301362 _q(pbk.) |
||
| 035 | _a12303696 | ||
| 040 |
_aDLC _cDLC _dDLC _beng |
||
| 041 | _heng | ||
| 042 | _apcc | ||
| 050 | 0 | 0 |
_aPN1661 _bC346 2001 |
| 082 | 0 | 0 |
_a808.2 _221 |
| 100 | 3 |
_aCastagno, Paul C. _d1950- _948092 |
|
| 245 | 1 | 0 |
_aNew playwriting strategies : _ba language based approach to playwriting / _cPaul C. Castagno. |
| 260 |
_aNew York : _bRoutledge, _c2001. |
||
| 300 |
_axi, 186 pages : _billutration ; _c24 cm. |
||
| 336 |
_atext _btxt _2rdacontent |
||
| 337 |
_aunmediated _bn _2rdamedia |
||
| 338 |
_avolume _bnc _2rdacarrier |
||
| 504 | _aIncludes bibliographical references (p. 175-177) and index. | ||
| 505 | 8 | _aMachine generated contents note: 1 New Playwriting Strategies: Overview and Terms1 -- PART I STRATEGIES OF LANGUAGE AND CHARACTER 15 -- 2 On Multivocality and Speech Genres 17 -- 3 Polyvocality and the Hybrid Play 35 -- 4 The Theatricality of Character 52 -- Len Jenkin's Dramaturgy of Character: -- From Stage Figures to Archetypes 72 -- 6 Eric Overmyer: Some Principles of -- Character Transformation 80 -- 7 Mac Wellman: Language-Based Character 87 --PART II STRATEGIES OF STRUCTURE AND FORM 93 -- 8 The Dialogic Beat 95 -- 9 Scenes, Acts, and Revisions 120 -- 10 Foundations of Contemporary Monologue 137 -- 11 Dialogic Monologue: Structure and Antistructure 148. | |
| 520 | _aNormal0falsefalsefalseEN-USX-NONEX-NONEIn July 2005, Dr. Castagno came to UNCW from Ohio University where he served as Director of the School of Theater and Head of the M.A. Programs. Professor Castagno was the founding chair of the Department of Theatre and served in that capacity from 2005-2009. | ||
| 650 | 0 | _aPlaywriting. | |
| 856 | 4 | 1 |
_3Table of contents only _uhttp://www.loc.gov/catdir/toc/fy031/2001019246.html |
| 856 | 4 | 2 |
_3Publisher description _uhttp://www.loc.gov/catdir/enhancements/fy0653/2001019246-d.html |
| 856 | 4 | 2 |
_3Contributor biographical information _uhttp://www.loc.gov/catdir/enhancements/fy1009/2001019246-b.html |
| 906 |
_a7 _bcbc _corignew _d1 _eocip _f20 _gy-gencatlg |
||
| 942 |
_2lcc _cBK _n0 |
||
| 946 | _isba | ||
| 999 |
_c126901 _d126901 |
||